| 000 | 00586nam a2200193Ia 4500 | ||
|---|---|---|---|
| 005 | 20250508154132.0 | ||
| 008 | 008 250505s9999 xx 000 0 eng d | ||
| 037 | _aDissertations | ||
| 040 |
_aFEDL _beng _cFEDL |
||
| 041 |
_aeng _2eng |
||
| 084 |
_a374.1, GUP/DI _qFEDL |
||
| 100 |
_aGupta Triloki Nath _9765121 |
||
| 245 | 0 | _aReading interests of adolescent boys and girls of class 9th of Ajmer city | |
| 260 | _c1966 | ||
| 300 | _aiii,94p. | ||
| 546 | _aM. Ed. Dissertations (Rajasthan University) | ||
| 942 |
_cDIS _h374.1, GUP/DI |
||
| 999 |
_c1347909 _d1347909 |
||